| 000 | 01361cam a22003857a 4500 | ||
|---|---|---|---|
| 003 | CHAP | ||
| 005 | 20220329141800.0 | ||
| 008 | 971013s1977 r 00010 d | ||
| 010 | _a73751 | ||
| 011 | _a74723 | ||
| 035 | _a84282 | ||
| 040 | _cCHAP | ||
| 090 | _aTesis | ||
| 100 | 0 | 0 |
_aCárdenas Estrada, Felipe. _924064 |
| 245 | 0 | _aCapitalismo subdesarrollado y estructura agraria en dos regiones de México | |
| 260 |
_aChapingo, Méx. : _bEl autor, _c1977 |
||
| 300 | _a138 h. | ||
| 502 | _aTesis (M.C. Esp. en Economía Agrícola) -- ENA. Colegio de Postgraduados. Rama Economía Agrícola | ||
| 590 |
_aALEPH _b10 _c20130110 _lUCH01 _h1417 |
||
| 590 |
_aBATCH-UPD _b10 _c20130109 _lUCH01 _h2331 |
||
| 590 |
_aBATCH-UPD _b10 _c20130110 _lUCH01 _h0340 |
||
| 590 |
_aBATCH-UPD _b10 _c20130410 _lUCH01 _h0014 |
||
| 590 |
_aBATCH-UPD _b10 _c20130410 _lUCH01 _h1512 |
||
| 590 |
_aBATCH-UPD _b10 _c20130914 _lUCH01 _h0840 |
||
| 590 |
_aCONVERSION _b10 _c20130109 _lUCH01 _h1340 |
||
| 650 | 1 | 4 |
_aCapital en agricultura. _918710 |
| 650 | 1 | 4 |
_aDistrito de Riego Culiacán, Sin. _932865 |
| 650 | 1 | 4 |
_aTierras _xTenencia _xBajío. _9113140 |
| 650 | 1 | 4 |
_aTierras _xTenencia _xSinaloa. _9113198 |
| 901 | _aBK | ||
| 942 | _cFOLL | ||
| 949 |
_bBC _cTES _d-39521 _eTS1 _i84282 _si |
||
| 949 |
_bBC _cTES _d-39522 _eTS2 _fc.2 _i84282 _si |
||
| 949 |
_bBC _cTES _d-39523 _eTS2 _fc.3 _i84282 _si |
||
| 999 |
_c73751 _d73751 |
||